Las demostraciones racionales de la existencia de dios; introducción al problema /

Guardado en:
Autor Principal: Trias, Manuel
Formato: Libro
Publicado: Bahia Blanca : Universidad Naciónal del Sur. Departamento de Ciencias Social, 1980
Etiquetas: Agregar Etiqueta
Sin Etiquetas, Sea el primero en etiquetar este registro!
LEADER 00717nam a22001815a 4500
001 CEM.cems006328
005 20060214000000.0
008 130507s1980##################000#0#####d
003 CEMS
082 0 4 |a 110 
100 1 |a Trias, Manuel 
245 1 0 |a Las demostraciones racionales de la existencia de dios; introducción al problema / 
260 |a Bahia Blanca :  |b Universidad Naciónal del Sur. Departamento de Ciencias Social,  |c 1980 
300 |a 82 p. 
859 |a CEMS  |b BIB. CEMS - 11 de abril  |h 110  |i T721  |p 12693.83  |t Ej.2 
859 |a CEMS  |b BIB. CEMS - 11 de abril  |h 110  |i T721  |p 12694.83  |t Ej.3 
859 |a CEMS  |b BIB. CEMS - 11 de abril  |h 110  |i T721  |p 13156.84  |t Ej.4 
859 |a CEMS  |b BIB. CEMS - 11 de abril  |h 110  |i T721  |p 8797.81  |t Ej.1